Social and personality development / (Record no. 331007)

000 -LEADER
fixed length control field 01437cam a2200337 a 4500
001 - CONTROL NUMBER
control field 13417412
003 - CONTROL NUMBER IDENTIFIER
control field NUST
005 - DATE AND TIME OF LATEST TRANSACTION
control field 20180117090029.0
008 - FIXED-LENGTH DATA ELEMENTS--GENERAL INFORMATION
fixed length control field 031126s2005 at a b 001 0 eng
010 ## - LIBRARY OF CONGRESS CONTROL NUMBER
LC control number 2003115917
020 ## - INTERNATIONAL STANDARD BOOK NUMBER
International Standard Book Number 0534607004
035 ## - SYSTEM CONTROL NUMBER
System control number (DLC) 2003115917
040 ## - CATALOGING SOURCE
Original cataloging agency DLC
Transcribing agency DLC
Modifying agency DLC
050 00 - LIBRARY OF CONGRESS CALL NUMBER
Classification number BF723.P4
Item number S48 2005
082 00 - DEWEY DECIMAL CLASSIFICATION NUMBER
Classification number 155.4/18
Edition number 21
100 1# - MAIN ENTRY--PERSONAL NAME
Personal name Shaffer, David R.
Fuller form of name (David Reed),
Dates associated with a name 1946-
9 (RLIN) 4353
245 10 - TITLE STATEMENT
Title Social and personality development /
Statement of responsibility, etc. David R. Shaffer.
250 ## - EDITION STATEMENT
Edition statement 5th ed.
260 ## - PUBLICATION, DISTRIBUTION, ETC.
Place of publication, distribution, etc. Australia ;
-- Belmont, CA :
Name of publisher, distributor, etc. Wadsworth/Thomson Learning,
Date of publication, distribution, etc. c2005.
300 ## - PHYSICAL DESCRIPTION
Extent xxv, 571 p. :
Other physical details ill. ;
Dimensions 26 cm.
504 ## - BIBLIOGRAPHY, ETC. NOTE
Bibliography, etc. note Includes bibliographical references (p. 477-535) and indexes.
650 #0 - SUBJECT ADDED ENTRY--TOPICAL TERM
Topical term or geographic name entry element Personality development
Form subdivision Textbooks.
9 (RLIN) 4354
650 #0 - SUBJECT ADDED ENTRY--TOPICAL TERM
Topical term or geographic name entry element Socialization
Form subdivision Textbooks.
9 (RLIN) 4355
856 42 - ELECTRONIC LOCATION AND ACCESS
Materials specified Contributor biographical information
Uniform Resource Identifier <a href="http://www.loc.gov/catdir/enhancements/fy1514/2003115917-b.html">http://www.loc.gov/catdir/enhancements/fy1514/2003115917-b.html</a>
856 42 - ELECTRONIC LOCATION AND ACCESS
Materials specified Publisher description
Uniform Resource Identifier <a href="http://www.loc.gov/catdir/enhancements/fy1514/2003115917-d.html">http://www.loc.gov/catdir/enhancements/fy1514/2003115917-d.html</a>
856 41 - ELECTRONIC LOCATION AND ACCESS
Materials specified Table of contents only
Uniform Resource Identifier <a href="http://www.loc.gov/catdir/enhancements/fy1514/2003115917-t.html">http://www.loc.gov/catdir/enhancements/fy1514/2003115917-t.html</a>
906 ## - LOCAL DATA ELEMENT F, LDF (RLIN)
a 7
b cbc
c orignew
d 2
e epcn
f 20
g y-gencatlg
942 ## - ADDED ENTRY ELEMENTS (KOHA)
Source of classification or shelving scheme
Koha item type Book
Holdings
Withdrawn status Lost status Source of classification or shelving scheme Damaged status Not for loan Collection code Permanent Location Current Location Shelving location Date acquired Total Checkouts Total Renewals Full call number Barcode Date last seen Price effective from Koha item type
            Central Library (CL) Central Library (CL) General Stacks 08/29/2017   4 155.4/18 SHA S3H-C-99 03/17/2026 08/29/2017 Book
© 2023 Central Library, National University of Sciences and Technology. All Rights Reserved.